00576 2200205 4500001002100000005001500021035002000036007000300056008004100059020001800100082001000118084001600128100001600144245010000160260003200260300003400292650001600326700001500342990001300357INLIS00000000000056220230104091748 a0010-0123000029ta230104 g 0 ind  a979-722-037-0 a294.5 a294.5 C. s0 aC. Hooykaas1 aSurya Sevana :bDari pandita untuk pandita dan umat hindu /cC. Hooykaas,penerjemah: Suwariyati aSurabaya :bParamita,c2002 a316 hlm. :bIlus ;c24.5 hlm. 4aAgama Hindu0 aSuwariyati a06830683